000 00900nam a2200265 a 4500
001 62259
003 BD-RjUL
005 20211209081048.0
008 170123s1983 bg a eng |
020 _c: Tk. 350.00 (Inland)
020 _c: Complimentary
035 _a(BD-RjUL)62385
040 _aANL
_beng
_dANL
_cBD-RjUL
041 _aeng
082 _223
_a304.6095492021
_bDHA 1983 (DS)
110 _aBangladesh Bureau of Statistics
_9179266
245 0 0 _aBangladesh population census, 1981:
_bDistrict: Dhaka /
_cBangladesh Bureau of Statistics
260 _aDhaka, :
_bBangladesh Bureau of Statistics,
_c1983
300 _aLxxxv, 1452 p. :
_bill ;
_c28 cm.
490 _aDistrict series: Dhaka
651 _aBangladesh
_zDhaka
_vcensus, 1981
_9185110
651 _aBangladesh
_zDhaka
_xPopulation
_vStaistics
_y1981
_9185111
830 _aDistrict series: Dhaka
_9185186
942 _2ddc
_cRAR
999 _c62259
_d62259